| 000 | 00654nam a2200193 4500 | ||
|---|---|---|---|
| 008 | 020918s2000 us 1 eng | ||
| 020 | _a0878083405 | ||
| 090 | 0 |
_aBV2063 _bR62 _b2000 |
|
| 100 | 1 | _aRoembke, Lianne | |
| 245 | 1 | 0 |
_aBuilding credible multicultural teams / _cLianne Roembke. |
| 260 |
_aCalifornia : _bWilliam Carey, _cc2000. |
||
| 300 | _ax, 287 p. | ||
| 504 | _aBiblio: pp. 265-273 / Includes index | ||
| 650 | 4 | _aChristianity and culture. | |
| 650 | 4 |
_aIntercultural communications _xReligious aspects _xChristianity. |
|
| 650 | 4 | _aMissions. | |
| 950 | 0 | _17.99/11.69 | |
| 951 |
_p25260 _oBV2063/R62/2000 _j070613111146406 _d2000-12-21 _cGC |
||
| 999 |
_c12899 _d12899 |
||